| 000 | 00663nam a22002177a 4500 | ||
|---|---|---|---|
| 008 | 150709b xxu||||| |||| 00| 0 alb d | ||
| 041 | 0 | _aalb | |
| 080 |
_a658 :005.32 _a005.32 :331.101.3 _x(075.8) |
||
| 100 | _a Çela, Hysen ; | ||
| 245 |
_aEtika e biznesit : _cHysen Çela. |
||
| 260 |
_aTiranë : _bAlbpaper, _c2013. |
||
| 300 |
_a478 f. ; _c23 cm. |
||
| 500 | _aParathënie : f.11-13 | ||
| 505 | _aBibliografia.: f.475-477. | ||
| 650 | 0 | _aBiznesi | |
| 650 | 0 | _aSjellja Organizative | |
| 650 | 0 | _aSuksesi | |
| 650 | 0 | _aEtika profesionale | |
| 650 | 0 | _aTekste për shkollat e larta | |
| 942 |
_2udc _cBK |
||
| 999 |
_c1105 _d1105 |
||